| 000 | 00000nam##2200000za#4500 |
| 001 | 9.643522 |
| 003 | CaOODSP |
| 005 | 20210624224216 |
| 007 | cr ||||||||||| |
| 008 | 150407|2001||||xxc|||||o f|0| 0 fre|d |
| 040 | |aCaOODSP|bfre |
| 043 | |an-cn--- |
| 086 | 1 |aR74-8/2001F-PDF |
| 110 | 1 |aCanada.|bAffaires indiennes et du Nord. |bDivision des ressources hydriques. |
| 245 | 10|aAperçu hydrologique dans les régions visées par le règlement de la revendication territoriale avec les Gwich'in et les peuples du Sahtu / |h[ressource électronique]|c[par] Shawne A. Kokelj. |
| 260 | |aYellowknife - Territoires du Nord-Ouest : |bAffaires indiennes et du Nord. |cDécembre 2001. |
| 300 | |a43p.|bcarte en couleur, graphiques, références, tableaux, photographies |
| 590 | |a15-02-Supp|b2015-02-16 |
| 691 | 07|aHydrologie|2gcpds |
| 691 | 07|aTerres autochtones|2gcpds |
| 775 | 08|tHydrologic overview of the Gwich'in and Sahtu settlement areas / |w(CaOODSP)9.699492 |
| 856 | 40|ahttp://publications.gc.ca|qPDF|s702 Ko|uhttps://publications.gc.ca/collections/collection_2014/aadnc-aandc/R74-8-2001-fra.pdf |